000 00512nam a2200181Ia 4500
005 20250508153226.0
008 008 250505s9999 xx 000 0 eng d
037 _aTextual
040 _aFEDL
_beng
_cFEDL
041 _aeng
_2eng
084 _a371.76, POP
_qFEDL
100 _aPopenoe Paul
_9134250
245 0 _aModern marriage : A handbook for men
260 _aNew York, USA
_bThe Macmillan Company
_c1958
300 _axi,299p
942 _cTEXL
_h371.76, POP
999 _c1341378
_d1341378